|
|
|
|
| LEADER |
01220nam a22003017a 4500 |
| 001 |
29882 |
| 003 |
BD-DhAAL |
| 005 |
20250622162935.0 |
| 008 |
171127s2015 bg a|||| |||| 10| 0 eng d |
| 020 |
|
|
|a 9789843391513
|
| 040 |
|
|
|a BD-DhAAL
|d BD-DhAAL
|
| 082 |
|
|
|a 333.91705492
|2 19
|
| 245 |
|
|
|a Revitalizing the ganges coastal zone :
|b turning science into policy and practices : conference proceedings /
|c E. Humphreys... [et al.].
|
| 260 |
|
|
|a Colombia :
|b CGIAR Challenge Program on Water and Food (CPWF),
|c c2015.
|
| 300 |
|
|
|a 589 pages :
|b illustartions ;
|c 28 cm.
|
| 526 |
|
|
|a AAL
|
| 541 |
|
|
|a Complemented copy
|e 29882
|
| 650 |
|
|
|a Coastal zone management
|x Government policy
|z Bangladesh.
|9 23999
|
| 650 |
|
|
|a Estuarine ecology
|x Government policy
|z Bangladesh.
|9 24000
|
| 700 |
|
|
|a Humphreys, E.
|9 24022
|
| 700 |
|
|
|a Tuong, T. P.
|9 24276
|
| 700 |
|
|
|a Buisson, M. C.
|9 24277
|
| 700 |
|
|
|a Pukinskis, I.
|9 24278
|
| 700 |
|
|
|a Phillips, M.
|9 24279
|
| 852 |
|
|
|a Ayesha Abed Library
|c General Stacks
|
| 942 |
|
|
|2 ddc
|c BK
|
| 999 |
|
|
|c 38655
|d 38655
|
| 952 |
|
|
|0 0
|1 0
|2 ddc
|4 0
|6 333_917054920000000_REV
|7 0
|9 61998
|a BRACUL
|b BRACUL
|c GEN
|d 2017-11-27
|e Complementary copy
|l 0
|o 333.91705492 REV
|p 3010029882
|r 2017-11-27
|t 1
|w 2017-11-27
|y BK
|